1138 1470 1995 1438 1731 1730 1982 1196 1327 1128 1054 1908 1549 1751 1839 1696 1556 1102 1013 1775 1245 1838 1499 1701 1694 1772 1275 1346 1935 1674 1174 1751 1535 1280 1393 1293 1560 1867 1164 1886 1396 1605 1336 1495 1049 1043 1539 1954 1648 1623 1289 1680 1046 1908 1113 1067 1450 1180 1625 1055 1845 1897 1894 1457 1084 1582 1996 1222 1809 1251 1924 1431 1991 1158 1286 1288 1313 1515 1036 1749 1051 1494 1593 1087 1848 1323 1657 1144 1365 1262 1517 1783 1736 1037 1269 1893 1116 1367 1102 BCNSPRNW ULIB Ver.6.0+V

เปลี่ยนเป็นภาษาไทย

Change to English
 แสดงรายละเอียดบรรณานุกรม
  กลับหน้าหลัก

Brief Record : Get Marc (ISO 2709) : E-mail record : QR code < ปิดหน้าต่าง
LEADER : 00000nam 2200000uu 4500
001    13399115125
003     ULIB
008    120711s2552||||th 000 0 tha d
020    ^a9786117005046
050  4 ^aBF637.S8^bส312ค 2552
245 00 ^aคำปราชญ์สู่ความสำเร็จ /^cสมิต อาชวนิจกุล
260    ^aกรุงเทพฯ :^bBRiGHT,^c2552
300    ^a291 หน้า
650  4 ^aคริสตศาสนา
650  4 ^aความสำเร็จ
650  4 ^aการดำเนินชีวิต
945    ^p0^l0^i18164
995    ^aกัณชพร
999    ^aใช้งานได้ทุกระบบ
รายการนี้ยังไม่มีแท็ก
คุณยังไม่ได้ล็อกอิน คุณสามารถมีกิจกรรมร่วมกับเว็บไซต์ได้ แต่ต้องล็อกอินก่อน ::
  ล็อกอิน

รายการสื่อสารสนเทศ

ลำดับที่ ประเภท เลขเรียก/บาร์โค้ด สถานที่ สถานะ
- ไม่พบข้อมูล -

รายการใกล้เคียง
    หัวเรื่อง [คริสตศาสนา]
    หัวเรื่อง [ความสำเร็จ]
    หัวเรื่อง [การดำเนินชีวิต]

BibComment


ยังไม่เคยถูกคอมเมนท์

คอมเมนท์ทรัพยากรรายการนี้
  คอมเมนท์: คำปราชญ์สู่ความส..


 Copyright 2026. Bcnsprnw @Library